000 00562nam a2200193 i 4500
001 bgj
100 1 _aMILLER, Arthur
_d(1915- )
245 1 0 _aDeath of a salesman :
_bcertain private conversations in two acts and requiem /
_cby Arthur Miller.
260 _aMiddlesex, England :
_bPenguin Books,
_c1976.
300 _a139 pp ;
_c18 cm.
650 9 _aSales personnel
650 9 _aFathers and sons
650 9 _aAmerican writers, 1900-1945
655 _aDrama
040 _cBPK
041 0 _aeng
942 _cKS
008 s uk f |000 0 eng
999 _c48395
_d48395
856 _uhttp://koha.tu.koszalin.pl/cgi-bin/koha/opac-detail.pl?biblionumber=48395
_yKatalog online BPK